| 000 | 00905nam a22002175i 4500 | ||
|---|---|---|---|
| 001 | 158044 | ||
| 003 | ES-MaACL | ||
| 005 | 20251005063123.0 | ||
| 008 | 011008s1883 sp |||| | spa d | ||
| 080 | _a911.3:339(460:100)(063) | ||
| 100 | 1 |
_aLapuya, Isidoro L., _d1865-1932 _970190 |
|
| 245 | 1 | 3 |
_aEl Primer Congreso Español de Geografía Colonial y Mercantil / _cI. López Lapuya. |
| 260 |
_aMadrid : _b[s.n.], _c1883 ( _fEstab. Tip. de El Correo, a cargo de F. Fernández) |
||
| 300 |
_a47 p. ; _c23 cm. |
||
| 611 | 2 | 0 |
_aCongreso Español de Geografía Colonial y Mercantil _n(1º. _d1883. _cMadrid) _9241770 |
| 651 | 4 |
_aEspaña- _xColonias- _xGeografía comercial- _vCongresos y asambleas. _9146365 |
|
| 852 |
_aES-MaACL _jT-379-F-7 _z- Enc. hol., falto de cub. original _z- Enc. en un vol. facticio |
||
| 852 |
_aES-MaACL _jT-1039-F-8 |
||
| 942 | _2udc | ||
| 999 |
_c158044 _d158044 |
||